000 00576nam a2200181Ia 4500
003 GCL
008 140319s9999 xx 000 0 ara d
040 _aGCL /
_cGCL
082 0 4 _a811.052
_bس ن
100 1 _aسمير عبدالباقى
245 1 0 _aالنشيد الفقير عن بابلو نيرودا /
_cسمير عبدالباقى
490 _aاشعار الثقافة الجديدة
_v0
650 0 4 _aالشعر العربى
650 0 4 _aالادب العربى
650 0 4 _aالعصر الحديث
650 0 4 _aالشعر الغنائى
942 _2ddc
_cBK
999 _c47059
_d47059